| 000 | 00534nam a2200181 a 4500 | ||
|---|---|---|---|
| 001 | 000042370 | ||
| 005 | 20201002040117.0 | ||
| 008 | 131127s1995 sp a 001 0 spa d | ||
| 020 | _a8408016156 | ||
| 040 |
_aDO-SdBNP _bspa _cBNPHU |
||
| 082 |
_axxx _bxxx |
||
| 100 | 1 |
_aMayrata, Ramón _969453 |
|
| 245 | 1 | 0 |
_aAlí Bey el Abasí : _bun cristiano en la Meca / _cRamón Mayrata. |
| 260 |
_aEspaña, : _bPlaneta, _c1995. |
||
| 300 |
_a334 p. : _bil. ; _c21 cm. |
||
| 590 | _aInventariado, 2019/VM | ||
| 500 | _aIncluye índice onomástico | ||
| 999 |
_c41859 _d41859 |
||